वेड्यांचा बाजार (संगीत) (Record no. 33088)
[ view plain ]
| 000 -LEADER | |
|---|---|
| fixed length control field | 00503nam a2200145Ia 4500 |
| 008 - FIXED-LENGTH DATA ELEMENTS--GENERAL INFORMATION | |
| fixed length control field | 090122s9999 xx 000 0 und d |
| 082 ## - DEWEY DECIMAL CLASSIFICATION NUMBER | |
| Item number | 9011 |
| Classification number | 891.462 |
| 100 ## - MAIN ENTRY--PERSONAL NAME | |
| Personal name | गडकरी |
| Numeration | राम |
| Titles and other words associated with a name | / |
| 245 ## - TITLE STATEMENT | |
| Title | वेड्यांचा बाजार (संगीत) |
| 600 ## - SUBJECT ADDED ENTRY--PERSONAL NAME | |
| Personal name | गडकरी |
| 630 ## - SUBJECT ADDED ENTRY--UNIFORM TITLE | |
| Uniform title | वेड्यांचा बाजार (संगीत) |
| 700 ## - ADDED ENTRY--PERSONAL NAME | |
| Personal name | गडकरी |
| 730 ## - ADDED ENTRY--UNIFORM TITLE | |
| Uniform title | वेड्यांचा बाजार (संगीत) |
| 942 ## - ADDED ENTRY ELEMENTS (KOHA) | |
| Koha item type | Book |
| Withdrawn status | Lost status | Damaged status | Not for loan | Home library | Current library | Date acquired | Total Checkouts | Full call number | Barcode | Date last seen | Copy number | Price effective from | Koha item type |
|---|---|---|---|---|---|---|---|---|---|---|---|---|---|
| Dombivali Granthasangrahalaya, Dombivali | Dombivali Granthasangrahalaya, Dombivali | 01/22/2009 | 9011 | DOM-9011 | 01/22/2009 | 1 | 01/22/2009 | Book |